000 00446nam a22001577a 4500
005 20250120141040.0
008 250120b |||||||| |||| 00| 0 eng d
020 _a978-81-8478-096-3
050 _aHF5667 JHA
100 _aJha Aruna
245 _aTaxmann's Auditing Problems & Solutions
_cAruna Jha
260 _aNew Delhi
_bTaxmann Allied Services (P.) Ltd.
_c2008
300 _a488p.
_c24 cm x 17 cm
650 _2Auditing
942 _2lcc
_cBK
_n0
999 _c2729
_d2729